Villes disponibles dans Citymapper - Statistiques

Statistiques générales
  • Ce quiz a été pris 29 fois
    9 depuis la dernière actualisation
  • Le résultat moyen est 63 sur 103
Statistiques - réponses
Hint Réponse % Correct
Moscou
100%
Paris
100%
Europe de l'Ouest Amsterdam
89%
Barcelone
89%
Berlin
89%
Bordeaux
89%
Budapest
89%
Dublin
89%
Lille
89%
Londres
89%
Los Angeles (- San Diego)
89%
Lyon
89%
Madrid
89%
Marseille
89%
New York
89%
Prague
89%
Rome
89%
Saint-Pétersbourg
89%
Stockholm
89%
Strasbourg
89%
Tokyo
89%
Zürich (Suisse)
89%
Bruxelles
78%
Bucarest
78%
Chicago
78%
Copenhague
78%
Hambourg
78%
Lisbonne
78%
Manchester (- Liverpool)
78%
Miami
78%
Nantes
78%
Naples
78%
Séoul
78%
Sydney
78%
Varsovie
78%
Vienne
78%
Washington (- Baltimore)
78%
Athènes
67%
Continent Américain Atlanta
67%
Bilbao (- Pays Basque)
67%
Boston
67%
Cologne (- Düsseldorf, Dortmund,... Ruhr)
67%
Dallas (- Fort Worth)
67%
Glasgow (- Edimburgh)
67%
Helsinki
67%
Las Vegas
67%
Mexico
67%
Montréal
67%
Oslo
67%
Seattle
67%
Séville
67%
Toulouse
67%
Turin
67%
Valencia
67%
Venise
67%
Zagreb
67%
Europe de l'Est Belgrade
56%
Brême (- Hanovre)
56%
Denver (- Aurora)
56%
Extrême-Orient Hong Kong
56%
Málaga
56%
Océanie Melbourne
56%
Monaco
56%
Munich
56%
Newcastle
56%
Philadelphie
56%
San Francisco
56%
Singapour
56%
Stuttgart (- Mannheim, Freiburg, Karlsruhe)
56%
Toronto
56%
Vancouver
56%
Austin
44%
Birmingham (- Nottingham)
44%
Cracovie (- Katowice)
44%
Grenade
44%
Istanbul
44%
Phoenix
44%
Rīga
44%
San Antonio
44%
Tallinn
44%
Bratislava
33%
Bristol (- Cardiff)
33%
Cleveland
33%
Florence
33%
Francfort (- Mayence, Darmstadt, Wiesbaden)
33%
Gênes
33%
Houston
33%
Milan
33%
Minneapolis (- Saint Paul)
33%
Salt Lake City
33%
São Paulo
33%
Taipei
33%
Vilnius
33%
Bologne
22%
Luxembourg
22%
Nuremberg
22%
Pittsburgh
22%
Portland (de l'Oregon et non du Maine)
22%
Saint Louis
22%
Saragosse
22%
Honolulu
11%
Palma de Mallorca (Îles Baléares)
11%
Rejkjavík (- Islande)
11%
Aucun quiz correspondant
Distribution des résultats
% des personnes avec chaque résultat
Percentile par nombre de réponses
Votre historique - résultats
Vous n’avez pas pris ce quiz depuis la dernière actualisation